|
|
|
|
| LEADER |
00000cam a2200000 c 4500 |
| 001 |
1160563586 |
| 003 |
DE-627 |
| 005 |
20251204011427.0 |
| 007 |
tu |
| 008 |
010330s2001 gw ||||| 00| ||ger c |
| 015 |
|
|
|a 01,B22,0218
|2 dnb
|
| 016 |
7 |
|
|a 961384565
|2 DE-101
|
| 020 |
|
|
|c geh.
|
| 035 |
|
|
|a (DE-627)1160563586
|
| 035 |
|
|
|a (DE-576)090563581
|
| 035 |
|
|
|a (DE-599)BSZ090563581
|
| 035 |
|
|
|a (OCoLC)76202312
|
| 035 |
|
|
|a (OCoLC)76202312
|
| 040 |
|
|
|a DE-627
|b ger
|c DE-627
|e rakwb
|
| 041 |
|
|
|a ger
|
| 044 |
|
|
|c XA-DE
|
| 084 |
|
|
|a 19
|a 14
|a 22
|2 sdnb
|
| 084 |
|
|
|a 3,6
|2 ssgn
|
| 084 |
|
|
|a 452
|2 bwlb
|
| 084 |
|
|
|a 514
|2 bwlb
|
| 084 |
|
|
|a 71.44
|2 bkl
|
| 084 |
|
|
|a 89.21
|2 bkl
|
| 245 |
0 |
0 |
|a Präventionsansätze zu Rechtsextremismus und Fremdenfeindlichkeit
|b beispielhafte Präventionsprojekte
|c hrsg. vom Landeskriminalamt Baden-Württemberg
|
| 264 |
|
1 |
|a Stuttgart
|b Landeskriminalamt Baden-Württemberg, Dezernat 422
|c 2001
|
| 300 |
|
|
|a 80 S.
|b zahlr. Ill.
|
| 336 |
|
|
|a Text
|b txt
|2 rdacontent
|
| 337 |
|
|
|a ohne Hilfsmittel zu benutzen
|b n
|2 rdamedia
|
| 338 |
|
|
|a Band
|b nc
|2 rdacarrier
|
| 500 |
|
|
|a Ringordner u.d.T.: Informationen und Präventionsansätze zu Rechtsextremismus und Fremdenfeindlichkeit. - CD-ROM u.d.T.: Informationen und Präventionsansätze zu Rechtsextremismus und Fremdenfeindlichkeit
|
| 583 |
1 |
|
|a Archivierung/Langzeitarchivierung gewährleistet
|f PEBW
|x XA-DE-BW
|2 pdager
|5 DE-24
|
| 583 |
1 |
|
|a Archivierung/Langzeitarchivierung gewährleistet
|f SLG
|x XA-DE-BW
|z BfZ
|2 pdager
|5 DE-24
|
| 650 |
0 |
7 |
|0 (DE-588)4028859-6
|0 (DE-627)104419199
|0 (DE-576)208979859
|a Jugend
|2 gnd
|7 (dpeaa)DE-631
|
| 650 |
0 |
7 |
|0 (DE-588)4048829-9
|0 (DE-627)104325372
|0 (DE-576)209079428
|a Rechtsradikalismus
|2 gnd
|7 (dpeaa)DE-631
|
| 650 |
0 |
7 |
|0 (DE-588)4229761-8
|0 (DE-627)10494563X
|0 (DE-576)210341874
|a Politische Bewegung
|2 gnd
|7 (dpeaa)DE-631
|
| 650 |
0 |
7 |
|0 (DE-588)4076308-0
|0 (DE-627)104364106
|0 (DE-576)209201428
|a Prävention
|2 gnd
|7 (dpeaa)DE-631
|
| 651 |
|
7 |
|0 (DE-588)4004176-1
|0 (DE-627)106387154
|0 (DE-576)208854444
|a Baden-Württemberg
|2 gnd
|7 (dpeaa)DE-631
|
| 689 |
0 |
0 |
|d g
|0 (DE-588)4004176-1
|0 (DE-627)106387154
|0 (DE-576)208854444
|a Baden-Württemberg
|2 gnd
|
| 689 |
0 |
1 |
|d s
|0 (DE-588)4048829-9
|0 (DE-627)104325372
|0 (DE-576)209079428
|a Rechtsradikalismus
|2 gnd
|
| 689 |
0 |
2 |
|d s
|0 (DE-588)4076308-0
|0 (DE-627)104364106
|0 (DE-576)209201428
|a Prävention
|2 gnd
|
| 689 |
0 |
|
|5 DE-101
|
| 689 |
1 |
0 |
|d g
|0 (DE-588)4004176-1
|0 (DE-627)106387154
|0 (DE-576)208854444
|a Baden-Württemberg
|2 gnd
|
| 689 |
1 |
1 |
|d s
|0 (DE-588)4048829-9
|0 (DE-627)104325372
|0 (DE-576)209079428
|a Rechtsradikalismus
|2 gnd
|
| 689 |
1 |
2 |
|d s
|0 (DE-588)4076308-0
|0 (DE-627)104364106
|0 (DE-576)209201428
|a Prävention
|2 gnd
|
| 689 |
1 |
|
|5 (DE-627)
|
| 710 |
2 |
|
|a Landeskriminalamt Baden-Württemberg
|0 (DE-588)2028141-9
|0 (DE-627)102286027
|0 (DE-576)191801054
|4 oth
|
| 856 |
4 |
2 |
|u http://www.gbv.de/dms/sub-hamburg/329278630.pdf
|m V:DE-601
|m B:DE-18
|q pdf/application
|x Verlag
|y Inhaltsverzeichnis
|3 Inhaltsverzeichnis
|7 1
|
| 889 |
|
|
|w (DE-627)329278630
|
| 935 |
|
|
|a BWLB
|
| 935 |
|
|
|i mdedup
|
| 936 |
b |
k |
|a 71.44
|j Gruppenprozesse
|x Soziologie
|0 (DE-627)106412590
|
| 936 |
b |
k |
|a 89.21
|j Faschismus
|0 (DE-627)106414607
|
| 951 |
|
|
|a BO
|
| ELC |
|
|
|b 1
|
| LOK |
|
|
|0 000 xxxxxcx a22 zn 4500
|
| LOK |
|
|
|0 001 2484777965
|
| LOK |
|
|
|0 003 DE-627
|
| LOK |
|
|
|0 004 1160563586
|
| LOK |
|
|
|0 005 20020301000000
|
| LOK |
|
|
|0 008 020301||||||||||||||||ger|||||||
|
| LOK |
|
|
|0 040
|a DE-21-110
|c DE-627
|d DE-21-110
|
| LOK |
|
|
|0 852
|a DE-21-110
|
| LOK |
|
|
|0 852 1
|c C IX 413
|m p
|9 00
|
| LOK |
|
|
|0 935
|a k110
|
| LOK |
|
|
|0 936ln
|a 10.2
|
| LOK |
|
|
|0 938
|k p
|
| LOK |
|
|
|0 939
|a 01-03-02
|b l01
|
| ORI |
|
|
|a SA-MARC-krimdoka001.raw
|
| SIG |
|
|
|a IFK: C IX 413
|
| TIM |
|
|
|a 100019520101_100020261231
|b 1952 - 2026
|